La posmodernidad : (Record no. 45720)

MARC details
000 -CABECERA
campo de control de longitud fija 00653nam a2200205 a 4500
005 - FECHA Y HORA DE LA ÚLTIMA TRANSACCIÓN
campo de control 20240910063811.0
008 - ELEMENTOS DE LONGITUD FIJA--INFORMACIÓN GENERAL
campo de control de longitud fija 991125s1999 es 000 0 spa u
020 ## - NÚMERO INTERNACIONAL NORMALIZADO PARA LIBROS
Número Internacional Estándar del Libro 8474322669
035 ## - NÚMERO DE CONTROL DEL SISTEMA
Número de control de sistema UPN01000045720
049 ## - COLECCIÓN
Colección CG
050 #4 - SIGNATURA TOPOGRÁFICA DE LA BIBLIOTECA DEL CONGRESO
Número de clasificación B831.2
Número de documento/Ítem L9.68
100 1# - ASIENTO PRINCIPAL--NOMBRE PERSONAL
Nombre de persona Lyotard, Jean-Francois,
Fechas asociadas al nombre 1924-1998
9 (RLIN) 41321
245 13 - MENCIÓN DE TÍTULO
Título La posmodernidad :
Resto del título explicada a los niños /
Mención de responsabilidad, etc. por Jean-francois Lyotard ; tr. Enrique Lynch.
260 ## - PUBLICACIÓN, DISTRIBUCIÓN, ETC.
Lugar de publicación, distribución, etc. Barcelona, Esp. :
Nombre del editor, distribuidor, etc. Gedisa,
Fecha de publicación, distribución, etc. 1999.
300 ## - DESCRIPCIÓN FÍSICA
Extensión 123 p.
440 #0 - MENCIÓN DE SERIE/ASIENTO SECUNDARIO--TÍTULO
Título Hombre y sociedad.
Nombre de parte o sección de la obra Cla.De.Ma.
-- Filosofía
650 #4 - ASIENTO SECUNDARIO DE MATERIA - TERMINO TEMATICO
Término de materia o nombre geográfico como elemento de entrada Filosofía moderna
Subdivisión cronológica Siglo XX
9 (RLIN) 8108
650 #2 - ASIENTO SECUNDARIO DE MATERIA - TERMINO TEMATICO
Término de materia o nombre geográfico como elemento de entrada Postmodernismo
9 (RLIN) 5929
905 ## - TIPO DE MATERIAL
Tipo de material Libro
Holdings
Estado de retiro Estado de pérdida Fuente del sistema de clasificación o colocación Estado dañado No para préstamo Código de colección Localización permanente Ubicación/localización actual Ubicación en estantería Total de préstamos Clasificación Código de barras Fecha visto por última vez Número de copia Tipo de ítem Koha
    Library of Congress Classification     Colección General Bib. Gregorio Torres Quintero Bib. Gregorio Torres Quintero Planta baja 53 B831.2 L9.68 159882 31/12/2020 1 Libro
    Library of Congress Classification     Colección General Bib. Gregorio Torres Quintero Bib. Gregorio Torres Quintero Planta baja 17 B831.2 L9.68 159881 31/12/2020 1 Libro